Które miasto ludniejsze? - woj. wielkopolskie - Statystyki

Ogólne statystyki
  • Ten quiz został rozwiązany 30 razy
  • Średni wynik to 9 z 15
Statystyki odpowiedzi
Zagadnienie Odpowiedź % Poprawnych
Które miasto ludniejsze? Poznań
100%
Które miasto ludniejsze? Konin
83%
Które miasto ludniejsze? Leszno
83%
Które miasto ludniejsze? Międzychód
83%
Które miasto ludniejsze? Ostrów Wielkopolski
83%
Które miasto ludniejsze? Kalisz
67%
Które miasto ludniejsze? Konin
67%
Które miasto ludniejsze? Gniezno
50%
Które miasto ludniejsze? Krotoszyn
50%
Które miasto ludniejsze? Krzyż Wielkopolski
50%
Które miasto ludniejsze? Luboń
50%
Które miasto ludniejsze? Szamotuły
50%
Które miasto ludniejsze? Śrem
33%
Które miasto ludniejsze? Turek
33%
Które miasto ludniejsze? Wągrowiec
33%
Nie znaleziono quizów pasujących do podanych kryteriów
Rozkład punktacji
Procent ludzi z każdym wynikiem
Percentyl według liczby udzielonych odpowiedzi
Twoja historia wyników
Nie rozwiązałeś tego quizu